| 000 | 00414nam a2200133Ia 4500 | ||
|---|---|---|---|
| 005 | 20260328101451.0 | ||
| 008 | 260328s9999||||xx |||||||||||||| ||und|| | ||
| 100 | _aValencia Mestre, Gabriela | ||
| 245 | 0 |
_aDos Ciudades : _b Situación Actual, Desarrollo proyectado -Ciudad de Panamá - San Juan de Puerto Rico / _cGabriela Valencia Mestre |
|
| 260 | _bProarq | ||
| 300 | _a68 p. | ||
| 650 | _aURBANISMO | ||
| 942 | _cBK | ||
| 999 |
_c8670 _d8670 |
||